Dance Moms Group Dances - Statistics

General Stats
  • This quiz has been taken 199 times
  • The average score is 64 of 184
Answer Stats
Picture Answer % Correct
Boss Ladies
89%
Electricity
86%
The Waiting Room
80%
The Last Text
79%
Amber Alert
77%
Where Have All the Children Gone
76%
Bad Apples
69%
Broken Dolls
69%
Stomp the Yard
69%
Suicide Hotline
67%
Purple Fame
65%
Silver Spoons
65%
Pink Lemonade
64%
Beautiful Day
62%
Party Party Party
62%
Beautiful Bizarre
58%
Rosa Parks
58%
Always a Bridesmaid
57%
Arabian Nights
57%
Blush and Bashful
57%
Girls Night Out
56%
Light As A Feather Stiff As A Board
56%
Sugar Daddies
56%
The Girl In the Plastic Bubble
56%
Avalanche
55%
Avalanche
55%
Freak Show
54%
Trapped
54%
Family Court
52%
Home Again
52%
Yum Yum
52%
The Royals
51%
Twilight
51%
Bittersweet Charity
50%
Glam
50%
Light My Fire
50%
The Last Dance
50%
This Is My Beauty
49%
Domino Effect
46%
Living With the Ribbon
46%
Pretty Reckless
46%
Q
46%
Seven Dancers
46%
Alouette
45%
The Atlantic
45%
Amazing Grace
44%
Black and Blue
44%
Kiss Kiss
44%
Moulin Rouge
44%
Snapshot
44%
Country Cuties
43%
Fantastic
43%
Nip And Tuck
43%
Bollywood and Vine
42%
Private Eyes
42%
I See the Kite Flying
40%
Brat Pack
39%
Dont Ask Just Tell
39%
Frost
39%
Money Is the Root Of All Evil
39%
Sinful
39%
Survivor
39%
Get A Clue
38%
Gone Too Soon
38%
Mind Craft
38%
My Pumps
38%
Clowning around
37%
Hurt Them First
37%
Red Carpet Special
37%
Angels and Demons
36%
Born To Dance
36%
First Ladies
36%
Frozen Together
36%
Lift You Up
36%
Red With Envy
36%
Reputation
36%
Dont Fence Me In
35%
Notorious ALDC
35%
Sassy Dolls
35%
The Heist
35%
The Rapture
35%
Contagious
33%
Is there still hope
33%
Just Another Number
33%
Straight Outta Pittsburgh
33%
The Bite
33%
Ups and Downs
33%
Cry
32%
Ghost Town
32%
Open Waters
32%
Picnic In the Park
32%
Seven Deadly Sins
32%
Tell Me What You Want
32%
Boulevard Of Broken Dreams
31%
Runaways
31%
The Huntress
31%
Witches Of East Canton
31%
Bollywood Dreams
30%
Dance Bop
30%
Food For Thought
30%
Free The People
30%
I Want It Now
30%
Riches to Rags
30%
Sugar Babies
30%
The Thinner the Air the Harder To Breathe
30%
What Comes Around
30%
America Gone
29%
Beautiful Revenge
29%
Ease On Down The Boulevard
29%
Gypsies Tramps and Thieves
29%
Make you Mine
29%
Playing With Matches
29%
Taken
29%
All Kids Go
27%
Club 42
27%
Mad Max
27%
The Rose Garden
27%
Fight Camp
26%
Good Help Is Hard To Find
26%
Head Over Heels
26%
On the Verge
26%
Winters War
26%
Your Dream Will Be My Dream
26%
Bad Girls
25%
Bowies Still Dancing
25%
Cali Cuties
25%
Dance in the rain
25%
Judgement Day
25%
Just Be
25%
No Laughing Matter
25%
The Fairest Of Them All
25%
Decadent Darlings
24%
Platinum
24%
Something To Believe In
24%
The Coven
24%
Tribal Council
24%
Voices In My Head
24%
The Champs
23%
Cavemen Undercover
21%
Free At Last
21%
Hungry like the wolves
21%
Made in the Shade
21%
The Cult
21%
The Upside Down
21%
Why Not Me
21%
Why Not Me
21%
And Then There Was One
20%
Collateral Damage
20%
Goldigga
20%
Hollywood Stars
20%
Nothing To Fear But Fear Itself
20%
Smells Like Team Spirit
20%
The Protest
20%
Wax Madonnas
20%
Beautiful Sadness
19%
Hear no evil
19%
Mime Your Business
19%
Panic Room
19%
The Red Bow
19%
The Vultures
19%
Voyage Home
19%
Well Oiled Machine
19%
No Sign Of Life
17%
Six Feet Underneath
17%
The Elite
17%
Id Rather Be
15%
Land Unforgiving
15%
The End Of the Road
15%
Better Off Now
14%
BulletProof Baby
14%
Cast the First Stone
14%
Gossip Girls
14%
The Good Life
14%
The Saints
14%
Invincible
13%
Return To Grace
13%
Why Wait
13%
Going Going Gone
12%
Shame On You
12%
Together We Stand
12%
Wait For Me Mom
12%
We Go On
12%
Just Like Mama Said
11%
The Spotlight Is On Me
11%
No matching quizzes found
Score Distribution
Percent of People with Each Score
Percentile by Number Answered
Your Score History
You have not taken this quiz